| 000 | 00505nam a22001937a 4500 | ||
|---|---|---|---|
| 003 | CEME | ||
| 005 | 20210628202650.0 | ||
| 008 | 210125b xxu||||| |||| 00| 0 eng d | ||
| 020 | _a0-471-36580-7 | ||
| 040 | _c. | ||
| 082 | _a510 BOA | ||
| 100 |
_aBoas, Mary. L _9273 |
||
| 245 | _aMathematical methods in the physical sciences | ||
| 250 | _a3RD | ||
| 260 |
_aNEW YORK _bJOHN WILEY _c2006 |
||
| 300 | _aXVIII,839 P | ||
| 650 |
_aMATHEMATICAL METHODS - PHYSICAL SCIENCES _960979 |
||
| 942 |
_cBK _2ddc |
||
| 999 |
_c570564 _d570564 |
||